| 000 | 00618nam a2200205 a 4500 | ||
|---|---|---|---|
| 005 | 20260108064004.0 | ||
| 008 | 030522s2000 mx r 000 0 spa d | ||
| 020 | _a8487118852 | ||
| 035 | _aUPN01000124517 | ||
| 049 | _aCG | ||
| 050 | 4 |
_aLB3045 _bL5.2 |
|
| 245 | 0 | 0 |
_aLibros de texto y aprendizaje en la escuela / _cGillian Moss... [et al.]. |
| 260 |
_aBarcelona, Esp. : _bDíada, _c2000. |
||
| 300 | _a96 p. | ||
| 440 | 0 |
_aInvestigación y enseñanza. _v18 _pPráctica ; |
|
| 650 | 4 |
_aLibros de texto _94427 |
|
| 650 | 4 |
_aAprendizaje _xAspectos sociales _97601 |
|
| 700 | 1 |
_aMoss, Gillian, _ecoaut. |
|
| 905 | _aLibro | ||
| 999 |
_c96696 _d96696 |
||